Managing asbestos risk (Record no. 74991)
[ view plain ]
| 000 -LEADER | |
|---|---|
| fixed length control field | 01229cab a2200217 4500 |
| 001 - CONTROL NUMBER | |
| control field | ABS68795 |
| 008 - FIXED-LENGTH DATA ELEMENTS--GENERAL INFORMATION | |
| fixed length control field | 050329n2005 000 0 eng u |
| 035 ## - SYSTEM CONTROL NUMBER | |
| System control number | (Sirsi) u129193 |
| 100 ## - MAIN ENTRY--PERSONAL NAME | |
| Personal name | Jude, D. |
| 245 ## - TITLE STATEMENT | |
| Title | Managing asbestos risk |
| 260 ## - PUBLICATION, DISTRIBUTION, ETC. | |
| Date of publication, distribution, etc. | 2005 |
| 490 ## - SERIES STATEMENT | |
| Series statement | Journal of Building Appraisal |
| Volume/sequential designation | 1(1) February 2005, 34-46(13) |
| 520 ## - SUMMARY, ETC. | |
| Summary, etc. | Gives a brief history of the reasons for the introduction of the Control of Asbestos at Work Regulations 2002. Points out that Reg 4, which came into force on 21 May 2004, places a duty on anyone with responsibility for the repair and maintenance of non-domestic premises to manage any asbestos in the building. This will affect landlords, tenants and co-occupiers of commercial buildings. Failure to comply may lead to severe criminal or civil liabilities and the possibility of being uninsured for the risk. Suggests strategies for dealing with the risk. Includes tables and diagrams. |
| 590 ## - LOCAL NOTE (RLIN) | |
| Local note | ABS |
| 650 ## - SUBJECT ADDED ENTRY--TOPICAL TERM | |
| Topical term or geographic name entry element | MANAGEMENT-HEALTH AND SAFETY-HAZARDOUS SUBSTANCES-ASBESTOS |
| 650 ## - SUBJECT ADDED ENTRY--TOPICAL TERM | |
| Topical term or geographic name entry element | CONTROL OF ASBESTOS AT WORK REGULATIONS 2002 REG 4 |
| 650 ## - SUBJECT ADDED ENTRY--TOPICAL TERM | |
| Topical term or geographic name entry element | RISK ASSESSMENT |
| 650 ## - SUBJECT ADDED ENTRY--TOPICAL TERM | |
| Topical term or geographic name entry element | NON-DOMESTIC PREMISES |
| 690 ## - LOCAL SUBJECT ADDED ENTRY--TOPICAL TERM (OCLC, RLIN) | |
| Topical term or geographic name as entry element | BUILT ENVIRONMENT-BUILDING STANDARDS |
| 942 ## - ADDED ENTRY ELEMENTS (KOHA) | |
| Suppress in OPAC | 0 |
| Withdrawn status | Lost status | Source of classification or shelving scheme | Damaged status | Not for loan | Home library | Current library | Shelving location | Date acquired | Total Checkouts | Full call number | Barcode | Date last seen | Copy number | Price effective from | Koha item type |
|---|---|---|---|---|---|---|---|---|---|---|---|---|---|---|---|
| Dewey Decimal Classification | London | London | Journal article | 29/03/2005 | ABS68795 | 129193-1001 | 06/08/2019 | 1 | 06/08/2019 | Journal article |